01969cam a22005294i 4500003000900000005001700009008004100026020001500067035002700082040003300109049000900142082001900151100002800170245009600198264007300294300003800367336002100405337002500426338002300451505004400474526001000518526001000528526000900538526000900547526000900556526000900565526000900574526000900583526000900592526000800601526000800609526000800617526000800625526000800633650003600641700002300677700003500700700003800735910001800773942001400791949019700805994001401002596000601016999022201022980005501244952014001299PE-LiUPU20250731165619.0150616s r 000 0 d a0802881106 a(Sirsi) i9780802881106 aPE-LiUPUbspacPE-LiUPUerda aPRUA04a281.4bS312211 aSchaff, Philip,eautor.10aNicene and Post-Nicene Fathers of The Christian Church.n12:1 /cEditado por Philip Schaff. 1aGrand Rapids, Michigan :bWM. B. Eerdmans Publishing Company,c1979. a438 páginas ;c25 centímetros atext2rdacontent aunmediated2rdamedia avolume2rdacarrier0 aFirst Corinthians.- Second Corinthians. aSEG44 aSEG26 aP151 aP150 aP149 aP146 aP145 aP126 aP125 aP92 aP75 aP74 aP27 aP1504aLiteratura cristiana primitiva.1 aAgustín,cSanto.1 aJuan Crisóstomod,cSan,d4071 aSchaff, Felipe1819-1893,eeditor. ajckbjvqcjck 2ddccBOOK aRC 281.4 S31 12:1wDEWEYc1i20462lCCODEBUL1mBULr0sYtBOOKu2015-6-16xTEOLOGIAzUNKNOWN0COMPRAo.CIRCNOTE. No olvidar cambiar la fecha de devolución!!!!!!!o.STAFF. Colección General aC0bPEPRU a1 aRC 281.4 S31 12:1wDEWEYc57155i20462f2021-11-8g6lCCODEBUL1mBULr1sYtBOOKu2015-6-16xTEOLOGIAzUNKNOWN0COMPRAo.CIRCNOTE. No olvidar cambiar la fecha de devolución!!!!!!!o.STAFF. Colección Generald57155 81gALBERTO SANCHEZ Responsable de Automatización r2025-12-02 00:00:00i7l0oRC 281.4 S31 12:1p20462te1w2015-06-16xFTyREF102ddc50718REFfP35aBULbBULcREFd2015-06-16eCOMPRA